Science Quiz

Random Science or Elements Quiz

Elements by Any 3 Letters Quiz Stats

 Plays Quiz Updated Jul 16, 2017

Challenge
Share
Tweet
Embed
Score 0/118 Timer 04:00
5 Plays Today
Element % Correct
Helium
96.8%
Seaborgium
94.7%
Neodymium
94.6%
Copernicium
94.6%
Californium
94.3%
Lithium
94.2%
Protactinium
94.1%
Potassium
94.1%
Magnesium
94%
Calcium
94%
Actinium
93.7%
Germanium
93.6%
Sodium
93.6%
Berkelium
93.5%
Beryllium
93.4%
Americium
93.2%
Aluminium
93.2%
Uranium
93.2%
Einsteinium
92.9%
Hydrogen
92.8%
Radium
92.7%
Plutonium
92.6%
Titanium
92.4%
Neptunium
91.8%
Barium
91.6%
Francium
91.3%
Ytterbium
91.2%
Selenium
91.2%
Oxygen
91.2%
Gallium
91%
Yttrium
91%
Rutherfordium
91%
Cesium
90.8%
Ruthenium
90.8%
Scandium
90.7%
Polonium
90.7%
Vanadium
90.6%
Chromium
90.6%
Palladium
90.5%
Strontium
90.5%
Element % Correct
Rubidium
90.5%
Zirconium
90.4%
Cadmium
90.4%
Promethium
90.4%
Thallium
90.4%
Curium
90.2%
Dysprosium
90.1%
Nihonium
90.1%
Iridium
90%
Mendelevium
90%
Moscovium
89.9%
Rhodium
89.9%
Europium
89.9%
Indium
89.8%
Terbium
89.8%
Tellurium
89.8%
Roentgenium
89.8%
Darmstadtium
89.8%
Gadolinium
89.7%
Rhenium
89.7%
Cerium
89.7%
Lawrencium
89.7%
Fermium
89.7%
Samarium
89.7%
Thorium
89.7%
Livermorium
89.6%
Nobelium
89.6%
Technetium
89.6%
Osmium
89.6%
Praseodymium
89.6%
Hafnium
89.5%
Niobium
89.5%
Thulium
89.4%
Lutetium
89.3%
Erbium
89.3%
Hassium
89.3%
Meitnerium
89.3%
Holmium
89.3%
Bohrium
89.2%
Dubnium
89.2%
Element % Correct
Flerovium
89.1%
Nitrogen
87.1%
Tennessine
86.1%
Gold
83.9%
Silver
82.6%
Oganesson
79.4%
Astatine
79.3%
Platinum
75.4%
Silicon
73.1%
Iron
72.1%
Boron
71.8%
Fluorine
70.2%
Chlorine
70.2%
Bromine
69.5%
Carbon
69.2%
Iodine
68%
Neon
66.8%
Tin
59.5%
Argon
59.2%
Copper
58.7%
Lanthanum
58%
Lead
55%
Radon
54.1%
Xenon
53.5%
Molybdenum
51.5%
Manganese
51.2%
Arsenic
49.4%
Krypton
49%
Mercury
48.9%
Tantalum
48.1%
Zinc
46%
Tungsten
44.4%
Nickel
43.6%
Phosphorus
39.8%
Sulfur
38.8%
Antimony
36%
Cobalt
35.7%
Bismuth
22.7%

You're not logged in!

Compare scores with friends on all Sporcle quizzes.
Join for Free
OR
Log In

You Might Also Like...

Show Comments

Extras

Top Quizzes Today


Score Distribution

Your Account Isn't Verified!

In order to create a playlist on Sporcle, you need to verify the email address you used during registration. Go to your Sporcle Settings to finish the process.

Report this User

Report this user for behavior that violates our Community Guidelines.

Details: